00428nam a2200133 a 450000500170000000800410001702000180005805000270007610000160010324500990011926000540021830000100027265000120028220140412111326.0001108s19uu xx 00 eng d a0-590-25111-2 aTR(GS 372.4bRo53 1996 aRobb, Laura aReading strategies that work :bteaching your students to become better readers /cLaura Robb. aNew York :bScholastic Professional Books,c1996. a94 p. aReading